Statistics for Eddie Izzard Stand Up Shows/Discography

Click here to take the quiz!

General Stats

  • This quiz has been taken 4 times
  • The average score is 5 of 10

Answer Stats

YearShow% Correct
1998D{ress} t{o} K{ill}
67%
2013F{orce} M{ajeure}
67%
1997G{lorious}
67%
2011Live at M{adison} S{quare} G{arden}
67%
2003S{exie}
67%
2002C{ircle}
33%
1996D{efinite} A{rticle}
33%
1993Live at the A{mbassadors}
33%
2009S{tripped}
33%
1994U{nrepeatable}
0%

Score Distribution

Percentile by Number Answered

Percent of People with Each Score

Your Score History

You have not taken this quiz